Państwa, które odwiedziłem (Levisek27) - Statystyki

Ogólne statystyki
  • Ten quiz został rozwiązany 236 razy
    26 od ostatniego zresetowania
  • Średni wynik to 16 z 24
Statystyki odpowiedzi
Rok ostatniego
pobytu
Kraj % Poprawnych
2025 Polska
88%
2024 Niemcy
84%
2016 Włochy
84%
2025 Czechy
80%
2016 Francja
80%
2025 Słowacja
80%
2025 Austria
76%
2024 Finlandia
68%
2025 Litwa
68%
2024 Norwegia
68%
2019 Słowenia
68%
2018 Szwajcaria
68%
2025 Szwecja
68%
2024 Belgia
64%
2019 Chorwacja
64%
2024 Dania
64%
2025 Estonia
64%
2025 Łotwa
64%
2025 Węgry
64%
2016 San Marino
60%
2016 Watykan
60%
2019 Bośnia i Hercegowina
48%
2018 Liechtenstein
44%
2019 Czarnogóra
40%
Nie znaleziono quizów pasujących do podanych kryteriów
Rozkład punktacji
Procent ludzi z każdym wynikiem
Percentyl według liczby udzielonych odpowiedzi
Twoja historia wyników
Nie rozwiązałeś tego quizu od ostatniego zresetowania